| 000 | 00818nam a22002175i 4500 | ||
|---|---|---|---|
| 001 | 166397 | ||
| 003 | ES-MaACL | ||
| 005 | 20260316165934.0 | ||
| 008 | 050914s1886 fr | |||||||| ||fre d | ||
| 040 |
_aCAM _bspa _cCAM |
||
| 100 | 1 |
_aTolstói, Lev, _d1828-1910 _9110489 |
|
| 245 | 1 | 0 |
_aDeux générations / _cComte Léon Tolstoï; traduction de E. Halpérine. |
| 250 | _a3e éd. | ||
| 260 |
_aParis : _bPerrin et c\pie\s libraires-éditeurs, _c1886 ( _ePoitiers : _fImprimerie Générale de l'Ouest) |
||
| 300 |
_a260 p. ; _c18 cm. |
||
| 700 | 1 |
_aGal'perin-Kaminskij, Il'â Danilovic, _d1858-1936 _etrad. _9127773 |
|
| 752 |
_aFrancia - _dParís |
||
| 852 |
_aES-MaACL _jF-9547 _z-- Enc. hol. conservando la cub. original _z-- En la cub. original consta 4e éd. |
||
| 999 |
_c166397 _d166397 |
||